000 00759nam a2200253Ia 4500
003 OSt
005 20220925210126.0
006 a|||||r|||| 00| 0
007 ta
008 220923b |||||||| |||| 00| 0 eng d
037 _cGeneral Book
040 _aRTL
_cRTL
_beng
041 _2eng
_aeng
082 _aY31.49G.N6, K5
110 _aSouth Penn School Study Council (Philadelphia)
_9271878
245 0 _aPatterns of village life in Southern Asia
_b India,
260 _aIllinois
_bInterstate
_c1965
300 _a81p
_ccm.
500 _aAppendix P 79-81
650 _aOld Persons
700 _aSouth Penn School Study Council (Philadelphia)
_9271879
942 _hY31.49G.N6, K5
_cGB
_2CC
999 _c554125
_d554125